01442nam a2200397 i 450000500170000000700030001700800410002002000180006102000150007904000350009404100080012904300120013708400110014910000340016024500730019425000220026726401000028930000390038933600270042833700330045533800280048849000340051652100380055054500880058865000410067665000430071765000410076065000460080165000250084765000320087265000360090465100310094070000430097194200150101499900150102920220317002007.0ta210719s2019 AG o|||e |||| 00| p spa d a9781950474226 a1950474224 aCO-BoRNBPbspaerdacCO-BoRNBP0 aspa as-ck--- aP DIN21 aDinah, Ashantid1980-eautora14aLas semillas del MuntúcAshanti Dinah ; prólogo Pedro Blas Julio aPrimera edición 1aNew YorkaBuenos AiresaBogotábNueva York Poetry PressbAbisinia EditorialbEscarabajoc2019 a95 páginasbfotografíasc21 cm 2rdacontentatextobtxt 2rdamediaasin mediaciónbn 2rdacarrieravolumenbnc0 aColección Museo Salvajev24 aRecomendado para público adulto aIncluye datos biográficos de la autora en la solapa y en la parte final del texto17aPoesía colombianaySiglo XXI2LEMB17aLiteratura colombianaySiglo XXI2LEMB17aAutores colombianosySiglo XXI2LEMB17aPoesía negra colombianaySiglo XX2LEMB17aAmorvPoesía2LEMB17aEspíritusvPoesía2LEMB17aLo sobrenaturalvPoesía2LEMB 4aÁfricavPoesía91512871 aJulio, Pedro Blaseprologuista9177243 2loccBKLIT c8825d8825